000 00564nam a22001817a 4500
999 _c186880
_d186880
005 20220322142759.0
010 _aENG-132061
020 _a9788171921645
_c925.00
035 _aEN-115593
037 _bDBAD/PUB
082 _a823.92
100 _aGupta, Ashish
245 _aShiva Trilogy of Amish Tripathi:
_bViews and Reviews/
_cAshish Gupta
260 _aNagpur
_bDattson
_c2019
270 _aJawaharlal Nehru Marg Sadar,
_mdattsopublishers@gmail.com
_bNagpur
_e440001
300 _a164p
_bIndex
_c22cm(hbk)
942 _2ddc
_cEN
_mGUP
_h832.92